00958nam a2200253 i 4500001000400000100003300004245026800037260003900305300004600344650002000390650004400410650001400454650001100468650001200479650001200491650004400503650002400547655001200571700004000583700002400623040000800647041000800655008004100663bgj1 aSWIFT, Jonathand(1667-1745)10aGulliver's Travels :binto several remote nations of the world by Jonathan Swift (Lemuel Gulliver) first surgeon and then a captain of several ships /cby Jonathan Swift ; with an introduction by W. D. Howells ; and more than hundred illustrations by Louis Rhead. aNew York :bBooks, Inc.,cc. 1941. aXVIII, 351 pp :bdrawings, maps ;c22 cm. 9aFantasy fiction 9aImaginary societesyEarly works to 1800 9aTravelers 9aSatire 9aUtopian 9aUtopias 9aImaginary |VoyagesyEarly works to 1800 9aVoyages and travels aFiction1 aHowells, William Deand(1837-1920).1 aRHEAD, Louis.eill. cBPK0 aeng s uk f |000 0 eng